000 00621nam a2200205Ia 4500
005 20230309104020.0
008 131103s9999 xx 000 0 und d
040 _aLoreto College
041 _aEnglish
082 _a822.33
_bSHA-FAR
100 _aFarnham,Willard
245 4 _aThe Shakespearean grotesque
_b its genesis and transformation
_cWillard Farnham
260 _aOxford
_bClarendon Press
_c1971
300 _ax,175 p.
_b ill.
504 _aIncludes index
650 _aShakespeare,William - Criticism and Interpretation
651 _aEnglish Drama - History and Criticism
850 _aLCLIB
942 _cBK
999 _c5375
_d55854